000
00319nam a2200145Ia 4500
100
_a
Boyet/ Howard
942
_c
BK
654
_a
computer
245
_a
The 8085 /SDK-85{HANDS ON VOL 2}
260
_b
MIT Publications
_a
U.S.A
_c
1982
082
_a
621.381953
_b
BOY
300
_a
814
546
_a
ENGLISH
999
_c
35385
_d
35385